00662 2200241 4500001002100000005001500021035002000036245004200056100002600098300002600124740001600150700004300166700003700209264003300246336002100279337003000300338001800330082001100348084001700359020001800376650001300394990001300407INLIS00000000000235620250805122719 a0010-08250000861 a8 Kiat menjadi pemenang /cShiv Khera0 aShiv KheraePengarang axi + 222 hal ;c22 cm aYou can win0 aTim Penerjemah Mitra UtamaePenerjemah0 aWandansari MardiartiePenyunting a{s.l} :bPrenhallindo,c2002 2rdacontentaTeks 2rdamediaaTanpa Perantara 2rdacarriera- a155.25 a155.25 SHI d a979-683-222-4 4aMotivasi a25000525